header

Beginning Visual C# 2010 (Record no. 102954)

MARC details
000 -LEADER
fixed length control field 01330nam a2200325 a 4500
100 1# - MAIN ENTRY--AUTHOR NAME
Personal name Watson, Karli.
245 10 - TITLE STATEMENT
Title Beginning Visual C# 2010
260 ## - PUBLICATION, DISTRIBUTION, ETC. (IMPRINT)
Place of publication Indianapolis, Ind. :
Name of publisher Wiley Pub., Inc.,
Year of publication 2010.
300 ## - PHYSICAL DESCRIPTION
Number of Pages xxxix, 1037 p. :
Other physical details ill.
490 0# - SERIES STATEMENT
Series statement Wrox programmer to programmer
500 ## - GENERAL NOTE
General note Includes index.
505 0# - FORMATTED CONTENTS NOTE
Formatted contents note pt. 1. The C# language -- pt. 2. Windows programming -- pt. 3. Web programming -- pt. 4. Data access -- pt. 5. Additional techniques.
650 #0 - SUBJECT ADDED ENTRY--TOPICAL TERM
Topical Term C# (Computer program language)
856 40 - ELECTRONIC LOCATION AND ACCESS
Uniform Resource Identifier http://site.ebrary.com/lib/rucke/Doc?id=10381037

No items available.

© 2026 Rongo University
Contact us: librarian | system librarian | Rongo university